1366 1675 1790 1684 1032 1780 1929 1126 1689 1040 1475 1044 1345 1078 1643 1465 1599 1245 1406 1653 1045 1100 1932 1353 1258 1210 1043 1430 1602 1244 1967 1254 1848 1954 1429 1692 1038 1450 1019 1590 1195 1011 1054 1628 1950 1902 1580 1482 1656 1682 1042 1560 1166 1050 1812 1464 1441 1246 1916 1151 1745 1783 1208 1753 1701 1950 1809 1824 1519 1160 1515 1338 1098 1452 1457 1880 1656 1528 1927 1729 1716 1370 1187 1498 1068 1037 1282 1540 1959 1395 1595 1618 1937 1115 1426 1492 1522 1666 1056 BCNSPRNW ULIB Ver.6.0+V

เปลี่ยนเป็นภาษาไทย

Change to English
 แสดงรายละเอียดบรรณานุกรม
  กลับหน้าหลัก

Brief Record : Get Marc (ISO 2709) : E-mail record : QR code < ปิดหน้าต่าง
LEADER : 00000nam 2200000uu 4500
001    13399120856
003     ULIB
008    020711s2546 th a 000 0 tha d
020    9749103440
050    BQ^bท512ก
100    ทิศนา แขมมณี
245    การพัฒนาคุณธรรม จริยธรรม และคำนิยม : จากทฤษฎีสู่การปฏิบัติ/^cทิศนา แขมมณี
250    พิมพ์ครั้งที่ 1
260    กรุงเทพฯ :^bเมธีทิปส์,^c2546
945    ^p120^l0^i11875
999    ^aทศพร เกษรทอง
รายการนี้ยังไม่มีแท็ก
คุณยังไม่ได้ล็อกอิน คุณสามารถมีกิจกรรมร่วมกับเว็บไซต์ได้ แต่ต้องล็อกอินก่อน ::
  ล็อกอิน

รายการสื่อสารสนเทศ

ลำดับที่ ประเภท เลขเรียก/บาร์โค้ด สถานที่ สถานะ
1. วิทยาศาสตร์การแพทย์ และสุขภาพ
วิทยาศาสตร์การแพทย์ และสุขภาพ
BQ ท512ก  
  Barcode: 11875
ห้องสมุดวิทยาเขตสวรรค์ประชารักษ์
►หนังสือทั่วไป
บนชั้น

รายการใกล้เคียง
    ผู้แต่ง [ทิศนา แขมมณี]

BibComment


ยังไม่เคยถูกคอมเมนท์

คอมเมนท์ทรัพยากรรายการนี้
  คอมเมนท์: การพัฒนาคุณธรรม จ..


 Copyright 2026. Bcnsprnw @Library